00632 2200241 4500001002100000005001700021008004100038020001800079035002400097082001100121090001800132100002300150245005500173260002300228300003000251500002700281500001100308650001700319850001800336980001500354985000600369999001500375YOGYA-0209000002036220090227023420.0 ind  a979-8001-40-X 0010-020900000020362 a629.04 a629.04bWar M aWARPANI, Suwarjoko aMerencanakan sistem perangkutancSuwarjoko Warpani aBandungbITBc1990 a12a; 191 hlmbilusc21 cm aBibliografi : hlm. 182 aIndeks aPengangkutan aYOPDYOGBadran a23-06-2006 a1 a9300P38878